000 00835cam a2200229Ii 4500
005 20180111153306.0
008 180111s2017 xxu r 000 0 eng d
020 _a9780190845773
035 _a(OCoLC)987991828
040 _aCO-BoUCM
_cSandra Palacio
_dSandra Palacio
041 1 _aeng
245 0 4 _aThe Oxford handbook of
_ceditado por Harold Kincaid
_bphilosophy of social science
246 3 _aPhilosophy of social science
260 _aNueva York (Estados Unidos)
_bOxford University Press
_c2017
300 _axviii, 657 páginas
_bilustraciones
650 1 7 _aCiencias sociales
_xFilosofía
_938933
650 2 7 _aCiencias sociales
_xInvestigaciones
_933592
650 2 7 _aSociología
_9386
700 1 _aKincaid, Harold
_d1952-
_990691
942 _2DEWEY
_cLIBRO
_a5
_e1
_h300.1
_mO982ph
999 _c308030
_d308030